[Event "SRB-ch sf"]
[Site "Kragujevac"]
[Date "2019.03.10"]
[Round "5"]
[White "Jevtic, Miroljub L"]
[Black "Savic, Bratislav"]
[Result "1-0"]
[WhiteElo "1975"]
[BlackElo "1877"]
[PlyCount "57"]
[EventDate "2019.03.08"]
[EventType "swiss"]
[EventRounds "9"]
[EventCountry "SRB"]
[SourceTitle "CBM 189 Extra"]
[Source "ChessBase"]
[SourceDate "2019.06.03"]
[SourceVersion "1"]
[SourceVersionDate "2019.06.03"]
[SourceQuality "1"]

1. d4 d6 2. c4 g6 3. Nc3 Bg7 4. Nf3 Nd7 5. Bf4 h6 6. h3 b6 7. e4 e5 8. dxe5 dxe5 9. Bh2 Bb7 10. Qa4 c6 11. Rd1 Qc7 12. b4 Ne7 13. Be2 0-0 14. 0-0 f5 15. exf5 gxf5 16. Nd4 Qc8 17. Ne6 Rf7 18. Bh5 Bf6 19. c5 Rh7 20. Rd6 bxc5 21. Nxc5 Nxc5 22. bxc5 Bg7 23. Bg3 f4 24. Bh4 Bf8 25. Bg4 Qb8 26. Bf6 Bc8 27. Qc4+ Nd5 28. Nxd5 Bxd6 29. Ne7+ 1-0

[Event "SRB-chT Cup"]
[Site "Kragujevac"]
[Date "2016.04.22"]
[Round "4.7"]
[White "Gajic, Nikola M"]
[Black "Savic, Bratislav"]
[Result "1/2-1/2"]
[WhiteElo "2008"]
[BlackElo "1932"]
[PlyCount "75"]
[EventDate "2016.04.20"]
[EventType "team-swiss"]
[EventRounds "7"]
[EventCountry "SRB"]
[SourceTitle "CBM 172 Extra"]
[Source "ChessBase"]
[SourceDate "2016.06.21"]
[SourceVersion "1"]
[SourceVersionDate "2016.06.21"]
[SourceQuality "1"]
[WhiteTeam "Kragujevac Marsic"]
[BlackTeam "Kragujevac Lepenica"]
[WhiteTeamCountry "SRB"]
[BlackTeamCountry "SRB"]

1. e4 d6 2. Nf3 g6 3. d4 Bg7 4. Be3 Nd7 5. Bd3 h6 6. 0-0 e5 7. dxe5 Nxe5 8. Nxe5 Bxe5 9. c3 Ne7 10. Qd2 Bg7 11. Bc4 a6 12. a4 Nc6 13. b4 Qh4 14. f4 Be6 15. Bxe6 fxe6 16. Na3 0-0 17. Qd3 Rad8 18. b5 Nb8 19. Rac1 Qe7 20. Nc2 a5 21. Nd4 e5 22. Qc4+ d5 23. exd5 exd4 24. d6+ Qf7 25. Qxf7+ Rxf7 26. dxc7 Rxc7 27. cxd4 Rcd7 28. Rfd1 Kf7 29. Kf2 Re8 30. d5 Rde7 31. Bb6 Nd7 32. Bxa5 Re2+ 33. Kf1 b6 34. Rc7 bxa5 35. Rxd7+ R8e7 36. Rxe7+ Rxe7 37. Rc1 Bd4 38. Rc6 1/2-1/2

[Event "SRB-chT Cup"]
[Site "Kragujevac"]
[Date "2016.04.20"]
[Round "1.5"]
[White "Savic, Bratislav"]
[Black "Avramovic, Zoran"]
[Result "0-1"]
[WhiteElo "1932"]
[BlackElo "2340"]
[PlyCount "72"]
[EventDate "2016.04.20"]
[EventType "team-swiss"]
[EventRounds "7"]
[EventCountry "SRB"]
[SourceTitle "EXT 2017"]
[Source "ChessBase"]
[SourceDate "2016.10.25"]
[SourceVersion "1"]
[SourceVersionDate "2016.10.25"]
[SourceQuality "1"]
[WhiteTeam "Kragujevac Lepenica"]
[BlackTeam "Velika Plana Morava"]
[WhiteTeamCountry "SRB"]
[BlackTeamCountry "SRB"]

1. e4 e5 2. Nc3 Nc6 3. d3 Nf6 4. g3 d5 5. Bg2 Be6 6. Bg5 d4 7. Nce2 h6 8. Bxf6 Qxf6 9. f4 0-0-0 10. a3 exf4 11. Nxf4 Ne5 12. h3 g5 13. Nxe6 fxe6 14. Qh5 Bd6 15. Ne2 c5 16. Rf1 Qe7 17. b3 Rdf8 18. 0-0-0 Kc7 19. h4 Qg7 20. Bh3 Kd7 21. Bg2 Ke7 22. Bh3 a6 23. Ng1 b5 24. Nf3 Rxf3 25. Rxf3 g4 26. Bxg4 Nxg4 27. Rdf1 Ne5 28. R3f2 c4 29. bxc4 bxc4 30. dxc4 Bxa3+ 31. Kd2 Qxg3 32. Rf3 Bb4+ 33. Ke2 Nxf3 34. Rxf3 Qg2+ 35. Rf2 Qxe4+ 36. Kf1 Qe1+ 0-1